| 000 | 00672nam a22001577a 4500 | ||
|---|---|---|---|
| 003 | OSt | ||
| 005 | 20151120095601.0 | ||
| 008 | 151120b xxu||||| |||| 00| 0 eng d | ||
| 040 | _cRUA | ||
| 082 | _aFIS LIM 1996 B162 Or.1 | ||
| 100 |
_93945 _aLIM, NGETH. |
||
| 245 | _aEvaluation of low external inputs in small scale aquaculture (ការវាយតំលៃលើការប្រើប្រាស់ធនធាននៅមូលដ្ឋានដែលអាចរកបាននៅក្នុងវារីវប្បកម្មទ្រង់ទ្រាយតូច) | ||
| 260 |
_aPhnom Penh _bill. _c29cm. |
||
| 300 |
_a99p. _bill. _c29cm. |
||
| 942 |
_2ddc _cFIS |
||
| 999 |
_c3668 _d3668 |
||